=LDR 00000nam 2200000 4500 =001 INLIS000000000050200 =005 20170425100935 =035 ##$$a 0010-0417000015 =007 ta =008 170425###########################0###### =020 ##$$a 978 - 602 - 391 - 129- 5 =082 ##$$a 398.2 =084 ##$$a 398.2 KUS d =100 #$$a Kusumadewi, Annisa T. =245 1#$$a Dongneng untuk si Kecil sebelum Bobo /$c Annisa T. Kusumadewi =250 ##$$a Cet.1 =260 ##$$a Yogyakarta :$b Saufa Kidz,$c 2016 =300 ##$$a 112 hlm : $b Ilus ; $c 27 cm =650 ##$$a Dongeng Anak =990 ##$$a 72727272 =990 ##$$a 72727272 =990 ##$$a 72727272 =990 ##$$a 72727272 =990 ##$$a 72727272 =990 ##$$a 31700903 =990 ##$$a 02201707272 =990 ##$$a 02201707273 =990 ##$$a 02201707274 =990 ##$$a 02201707275 =990 ##$$a 31700904 =990 ##$$a 02201707272 =990 ##$$a 02201707273 =990 ##$$a 02201707274 =990 ##$$a 31700903